000 00345nam a2200109Ia 4500
008 151021s9999 xx 000 0 und d
245 _a_Secondary Christian Religious Education Book 2 & 4 / Gichaga Shiphrah N.
260 _aNairobi : KLB, 2003
300 _avii,134 p.
650 _a_Religious Education
980 _a^d20110725 11:08:34^okilerai
999 _c8068
_d8068